000 00535nam a22001937a 4500
003 CEME
005 20210628202523.0
008 210122b xxu||||| |||| 00| 0 eng d
020 _a0-8493-3397-0
040 _c.
082 _a532.05 WAR
100 _aWarsi, Z.U.A
_98801
245 _aFluid dynamics theoretical and computational approaches
250 _a3RD
260 _aNEW YORK
_bTAYLOR AND FRANCIS
_c2005
300 _a845 P
650 _aFLUID DYNAMICS THEORETICAL AND COMPUTATIONAL APPROACHES.
_960311
942 _cBK
_2ddc
999 _c570069
_d570069